Missing Word: Movie Songs Quiz Stats

 Plays Quiz Updated Aug 21, 2012

Support Sporcle.
Go Orange.
Score 0/20 Timer 02:00
0 Plays Today
Song Missing Word % Correct
You've Got A _____ In MeFriend
96.2%
As ___ Goes ByTime
89.1%
_____ AliveStayin'
86.4%
_____ We Dance?Shall
84.9%
_____ The SeaUnder
82.9%
All That ____Jazz
78.9%
_____ ChristmasWhite
76.4%
Mrs. ____Robinson
72.8%
The Time _____Warp
61.3%
____ ZoneDanger
59.7%
Song Missing Word % Correct
Give My Regards To _____Broadway
55%
If I Didn't _____ YouHave
46%
The _____ Old Land of OzMerry
43.7%
Gonna _____ NowFly
38.8%
Make 'em _____Laugh
38.2%
_____, Can You Hear Me?Papa
33.2%
Everybody's _____Talkin'
23%
I Got _____Rhythm
21.7%
The _____ SongTrolley
15.4%
High _____Hopes
14.3%

Today's Daily Dose

Word Ladder
ING Words

Get the Picture
Nearest Volcano

From the Vault

'N' State Abbreviations

by mg10

We're going to guess Ohio's abbreviation doesn't have an 'N' in it.
Remove Ads.
Support Sporcle.
Get the best of Sporcle when you Go Orange. This ad-free experience offers more features, more stats, and more fun while also helping to support Sporcle. Thank you for becoming a member.

Show Comments

Extras

Top Quizzes Today


Score Distribution

Your Account Isn't Verified!

In order to create a playlist on Sporcle, you need to verify the email address you used during registration. Go to your Sporcle Settings to finish the process.

Report this User

Report this user for behavior that violates our Community Guidelines.

Details: